| 000 | 00806nam a2200253Ia 4500 | ||
|---|---|---|---|
| 003 | OSt | ||
| 005 | 20220918171720.0 | ||
| 006 | a|||||r|||| 00| 0 | ||
| 007 | ta | ||
| 008 | 220917b |||||||| |||| 00| 0 eng d | ||
| 020 |
_a9788132116639 (hbk) _c995 |
||
| 024 | _a283,437 | ||
| 037 |
_bCBS/225, 16/01/2015, Classic Book Service _cTextual |
||
| 040 |
_aARTS _cARTS _beng |
||
| 041 |
_2eng _aeng |
||
| 082 | _aV252:3(X).P1, Q4 | ||
| 100 |
_aJeffery Roger Ed. _938411 |
||
| 245 | 0 | _aDevelopment failure and identity politics in Uttar Pradesh | |
| 260 |
_aNew Delhi _bSage publication India _c2014 |
||
| 300 |
_axiv,270p. _ccm. |
||
| 650 | _aHISTORY | ||
| 942 |
_hV252:3(X).P1, Q4 _cTEXL _2CC |
||
| 999 |
_c141031 _d141031 |
||